La cautiva. El matadero /

La cautiva es un extenso poema de más de 2100 versos que cuenta la fallida epopeya de María por rescatar a su marido Brian, un capitán del Ejército de la Independencia capturado, como ella, por un malón en el desierto argentino. Echeverría construye una obra al fin puramente nacional, tanto en el le...

Descripción completa

Guardado en:
Autor Principal: Echeverría, Esteban.
Otros Autores: Capristo, Oscar.
Formato: Libro
Idioma:Undetermined
Publicado: Buenos Aires : Salim, 2019.
Edición:7a ed.
Series:Grandes lecturas
Materias:
Etiquetas: Agregar Etiqueta
Sin Etiquetas, Sea el primero en etiquetar este registro!
LEADER 01667nam a22002655a 4500
001 CEM.cems021228
008 240618s2019####ag############000#0#und#d
005 20240618145240.0
245 1 0 |a La cautiva. El matadero /  |c Esteban Echeverría ; ilustrado por Oscar Capristo. 
250 |a 7a ed. 
260 |a Buenos Aires :  |b Salim,  |c 2019. 
300 |a 112 p. 
490 1 |a Grandes lecturas 
520 |a La cautiva es un extenso poema de más de 2100 versos que cuenta la fallida epopeya de María por rescatar a su marido Brian, un capitán del Ejército de la Independencia capturado, como ella, por un malón en el desierto argentino. Echeverría construye una obra al fin puramente nacional, tanto en el lenguaje como en el tratamiento de temas políticos y sociales. El matadero funda la literatura argentina con la violación de un opositor. La ficción deja que "los bárbaros" actúen, hablen, sean; "el culto" solo se defiende con lo que tiene: palabras. Escrito en 1838, permaneció inédito hasta 1874, cuando José María Gutiérrez lo rescató entre los papeles póstumos del autor. 
020 |a 9789871784110 
100 1 |a Echeverría, Esteban. 
700 1 |a Capristo, Oscar. 
653 |a Literatura argentina 
653 |a Literatura gauchesca 
653 |a Romanticismo argentino 
859 |a CEMS  |b BIB. CEMS - 11 de abril  |h A861.2  |i Ec42-5  |p 29472.24  |t Ej.1 
859 |a CEMS  |b BIB. CEMS - 11 de abril  |h A861.2  |i Ec42-5  |p 29473.24  |t Ej.2 
859 |a CEMS  |b BIB. CEMS - 11 de abril  |h A861.2  |i Ec42-5  |p 29474.24  |t Ej.3 
859 |a CEMS  |b BIB. CEMS - 11 de abril  |h A861.2  |i Ec42-5  |p 29475.24  |t Ej.4 
859 |a CEMS  |b BIB. CEMS - 11 de abril  |h A861.2  |i Ec42-5  |p 29476.24  |t Ej.5